00338nam a22001217a 4500003000500000038001800005082000800023100001800031245003900049264003500088700003500123856005800158NUST aNusrat Nadeem a200 aAsghar, Talha aTURBO Crop Seller/cTalha Asghar,  aIslamabad:bSEECS NUST.c2025. aSupervisor: Dr. Mehvish Rashid u http://10.250.8.41:8080/xmlui/handle/123456789/54399